000 01933nam a2200481 c 4500
001 61646
003 BLK
005 20241108085921.0
008 180408b bul|||||r ||||||| ||bul||
010 _aKNG00065850000
040 _aBLK
041 _aBUL
_cBUL
080 _aБългарска литература
_b821.163.2
_x(092)
_z821.163.2(092)
080 _aБългарска литература
_b821.163.2
_x.09
_z821.163.2.09
080 _aБиографии
_b929
_x(497.2)
_z929(497.2)
100 1 _aАрнаудов, Михаил Петров
_933558
139 _aАрнаудов, Михаил Петров
_bА 87
245 1 0 _aИзбрани произведения
_bТ. 1 - 2
_cМихаил Петров Арнаудов.
_nТ. 2
_pСтатии
257 _aBGR
260 _aСофия
_bБълг. писател
_c1978 -
_fВ. Търново : печ. Д. Найденов
300 _c25 см
380 _a82
490 _9396381
_aЧастна колекция - Академик Михаил Арнаудов
_gДарение - Основен фонд
650 4 _aБългарска литература
_9243597
650 4 _aНародно творчество, българско
_9245232
650 0 _aПисатели, български
_9241944
650 4 _aПоети, български
_9241945
653 _aбългарска литература
653 _aнародно творчество
760 1 _aАрнаудов, Михаил Петров
_d1978
_h347 с.
_tТ. 2 Статии
852 _aЦб 94395
852 _aМА 4881
856 4 _qpdf
_i0.00
_ldisable
856 4 _qpdf
_i0.00
_ldisable
942 _cKNG
_n0
_s1
944 _aCR
_c13.06.2004
_lИваничка Йорданова
_k30553
944 _aED
_c05.09.2008
944 _aED
_c2022-11-14
_kХристина Везирева
999 _c61646
_d61646
999 _d61646
999 _d61646
999 _d61646
999 _d61646